000 00859nam a2200229Ia 4500
003 GCL
008 140319s9999 xx 000 0 ara d
020 _a8170294977
040 _aGCL /
_cGCL
082 0 4 _a001.4
_bا ط
100 1 _aاخلاص محمد عبدالحفيظ
245 1 0 _aطرق البحث العلمى والتحليل الاحصائى :
_bفى المجالات التربوية والنفسية والرياضية /
_cاخلاص محمد عبدالحفيظ
700 1 _aمصطفى حسين باهى
250 _aالاولى
260 _aالقاهرة :
_bمركز الكتاب للنشر ،
_c2000
300 _a430 ص ؛
_c24 سم
650 0 4 _aطرق البحث
650 0 4 _aالاحصاء التحليلى
650 0 4 _aالبحث العلمى
650 0 4 _aالبحوث - الطرق الاحصائية
942 _2ddc
_cBK
999 _c6101
_d6101